Online
Catalog

La expansión hacia el oeste : (Record no. 24743)

MARC details
000 -CABECERA
campo de control de longitud fija 01008nam a2200277 u 4500
001 - NÚMERO DE CONTROL
campo de control 000025250
005 - FECHA Y HORA DE LA ÚLTIMA TRANSACCIÓN
campo de control 20200930023647.0
008 - DATOS DE LONGITUD FIJA--INFORMACIÓN GENERAL
campo de control de longitud fija 110211s1967 ag b r 001 0 spa d
040 ## - FUENTE DE LA CATALOGACIÓN
Centro catalogador/agencia de origen DO-SdBNP
Lengua de catalogación spa
Centro/agencia transcriptor BNPHU
041 17 - CÓDIGO DE LENGUA
Código de lengua del texto/banda sonora o título independiente spa
Código de lengua original fre
Fuente del código Código de idiomas MARC
082 ## - NÚMERO DE LA CLASIFICACIÓN DECIMAL DEWEY
Número de clasificación nn*
Número de documento/Ítem nn*
049 ## - FONDOS LOCALES (OCLC)
Fondos de biblioteca BNGR
100 1# - ENTRADA PRINCIPAL--NOMBRE DE PERSONA
Nombre de persona Billington, Ray Ellen.
9 (RLIN) 51746
240 13 - TÍTULO UNIFORME
Título uniforme Westward expansion.
Lenguaje de la obra Español
245 13 - MENCIÓN DE TÍTULO
Título La expansión hacia el oeste :
Resto del título historia de la frontera norteamericana /
Mención de responsabilidad, etc. Ray Allen Billington ; colaboración de James Blaine Hedges ; traducción de Flora Setaro.
250 ## - MENCIÓN DE EDICIÓN
Mención de edición 3a ed.
260 ## - PUBLICACIÓN, DISTRIBUCIÓN, ETC.
Lugar de publicación, distribución, etc. Buenos Aires :
Nombre del editor, distribuidor, etc. Bibliográfica Omeba,
Fecha de publicación, distribución, etc. 1967.
300 ## - DESCRIPCIÓN FÍSICA
Extensión v. :
Otras características físicas mapas ;
Dimensiones 20 cm.
490 1# - MENCIÓN DE SERIE
Mención de serie América en Letras
530 ## - NOTA DE FORMATO FÍSICO ADICIONAL DISPONIBLE
Nota de formato físico adicional disponible Título del original inglés :
-- Westward expansion
500 ## - NOTA GENERAL
Nota general Incluye índice.
500 ## - NOTA GENERAL
Nota general La biblioteca sólo posee el volumen 2.
700 1# - PUNTO DE ACCESO ADICIONAL--NOMBRE DE PERSONA
Nombre de persona Blaine Hedges, James.
9 (RLIN) 51747
700 1# - PUNTO DE ACCESO ADICIONAL--NOMBRE DE PERSONA
Nombre de persona Setaro, Flora,
Término indicativo de función/relación tr.
9 (RLIN) 47137
830 #0 - PUNTO DE ACCESO ADICIONAL DE SERIE-TÍTULO UNIFORME
Título uniforme América en Letras
9 (RLIN) 10638
Holdings
Estado de retiro Estado de pérdida Restricciones de uso No para préstamo Código de colección Localización permanente Ubicación/localización actual Ubicación en estantería Fecha de adquisición Número de inventario Total de préstamos Signatura topográfica completa Código de barras Fecha visto por última vez Precio válido a partir de Tipo de ítem Koha
        Monografías: Libros y Folletos General General En catalogación 11.02.2011 LF1   nn* nn* 25250-10 25.06.2020 25.06.2020 Préstamo en sala

Powered by Koha